000 00560nam a2200169Ia 4500
008 240729s9999 xx 000 0 und d
022 _a2423-4583
245 0 _aAvicenna Journal of Environmental Health Engineering
260 _aIran, Islamic Republic of
260 _bHamadan University of Medical Sciences
650 _a Environmental sciences | Medicine
650 _a Public aspects of medicine
650 _aGeography. Anthropology. Recreation
856 _uhttps://doaj.org/toc/1ff80e8b6a93404b825c16199d19fd32
942 _2ddc
942 _cDOAJEJ
999 _c68846
_d68846
945 _a1
_bMadushi Gamage
_c1
_dMadushi Gamage